[Event "URS-ch56"]
[Site "Odessa"]
[Date "1989.??.??"]
[Round "?"]
[White "Beliavsky, Alexander G"]
[Black "Tukmakov, Vladimir B"]
[Result "0-1"]
[WhiteElo "2620"]
[BlackElo "2565"]
[Annotator "ChessBase"]
[PlyCount "74"]
[EventDate "1989.09.??"]
[EventType "tourn"]
[EventRounds "15"]
[EventCountry "URS"]
[EventCategory "13"]
[SourceTitle "URS-ch"]
[Source "ChessBase"]
[SourceDate "1999.07.01"]
[SourceVersion "1"]
[SourceVersionDate "1999.07.01"]
[SourceQuality "1"]

1. d4 Nf6 2. c4 g6 3. Nc3 d5 4. Nf3 Bg7 5. Qb3 dxc4 6. Qxc4 O-O 7. e4 Na6 8.
Be2 c5 9. d5 e6 10. O-O exd5 11. exd5 Bf5 12. Bf4 Nd7 $5 13. d6 (13. Rad1 $5) (
13. Bg5 $5) 13... Nb6 14. Qb3 (14. Qb5) 14... Nb4 15. Rac1 (15. Qd1) 15... Be6
$5 16. Qa3 (16. Qd1 N6d5 (16... Bxc3 $6 17. bxc3 Nxa2 18. Rc2 Na4 19. Qd2 $16)
17. Nxd5 Nxd5 18. Bg3 Bxb2 19. Rxc5 Nc3 20. Qd2 Nxe2+ 21. Qxe2 Ba3 22. Rc3 Bb4
23. Rc2 $14) 16... Nc4 17. Bxc4 Bxc4 18. Rfd1 b6 $5 (18... Nd3 19. Rxd3 Bxd3
20. Qxc5 $44) 19. Ne4 $2 (19. Qa4 $1 a6 20. Rd2 $1 {/\ Qd1}) 19... Bd5 $1 20.
Nfg5 (20. Nc3 Bxf3 21. gxf3 Qf6 22. Bg3 Qxf3 23. Nd5 Qxa3 24. bxa3 (24. Ne7+
Kh8 25. bxa3 Nxa2 $1 $17) 24... Nc6 $1 (24... Nxd5 25. Rxd5 {/\ d7}) 25. Ne7+ (
25. d7 Nd4) 25... Nxe7 26. dxe7 Rfe8 27. Rd7 Bd4 {/\ f5, Kf7-/+}) (20. Bg5 Qd7
$1 (20... f6 $2 21. Rxd5 $1 Nxd5 22. Qb3 $16) 21. Re1 f6 22. Bd2 Rfe8 $17 (
22... Bxe4 23. Rxe4 Qxd6 24. Bxb4)) 20... Qd7 $6 (20... h6 21. Qh3 Re8 $1 22.
d7 (22. a3 Bxe4) 22... Re7) 21. Bd2 $1 Nxa2 $1 22. Ra1 h6 23. Nc3 Nxc3 24. Bxc3
Bxg2 (24... Bxc3 {>=} 25. Qxc3 Bxg2 26. Kxg2 hxg5) 25. Bxg7 Kxg7 26. Kxg2 hxg5
27. Qg3 $5 Rfe8 $6 (27... g4) 28. Qxg5 Re4 29. h3 Rae8 (29... Rd8 $2 30. Rxa7
$1) 30. Ra3 R8e5 $6 (30... a5) 31. Qg3 {/\ Ra7} Re8 32. Rf3 a5 33. Rd5 R4e6 34.
Rf4 $2 (34. h4) 34... Rd8 $1 $19 35. Qb3 (35. Rdf5 f6) (35. Qf3 f5 (35... f6))
35... Qc6 $1 36. Qf3 Rd7 37. Kg1 Rexd6 0-1

[Event "World Cup"]
[Site "Belfort"]
[Date "1988.06.??"]
[Round "11"]
[White "Beliavsky, Alexander G"]
[Black "Kasparov, Garry"]
[Result "0-1"]
[WhiteElo "2645"]
[BlackElo "2750"]
[Annotator "ChessBase"]
[PlyCount "58"]
[EventDate "1988.06.??"]
[EventType "tourn"]
[EventRounds "15"]
[EventCountry "FRA"]
[EventCategory "15"]
[SourceTitle "CBM 008"]
[Source "ChessBase"]
[SourceDate "1989.02.01"]
[SourceVersion "1"]
[SourceVersionDate "1989.02.01"]
[SourceQuality "1"]

1. d4 Nf6 2. c4 g6 3. Nc3 d5 4. Nf3 Bg7 5. Qb3 dxc4 6. Qxc4 O-O 7. e4 Na6 8.
Be2 c5 9. d5 e6 10. Bg5 exd5 11. Nxd5 Be6 12. O-O-O Bxd5 13. Rxd5 Qb6 14. Bxf6
Qxf6 15. e5 Qf5 {'!' ChessBase.} 16. Bd3 Qc8 (16... Qe6 $5 17. Rd6 Qe7 $13) 17.
Rd1 {'?' ChessBase.} (17. Rd6 $1 b5 (17... Nb4 18. Be4 Rb8 (18... b5 $2 19. Qe2
$1 Rb8 20. a3 $16) 19. a3 Nc6 20. Bxc6 bxc6 $13 {} 21. Qxc5 $2 Qg4) 18. Qh4 $1
(18. Qxb5 Nb4 19. Qc4 (19. Bc4 $2 Qf5 $17) 19... Nxd3+ 20. Rxd3 Rb8 21. a3 Rb6
$44) 18... c4 19. Be4 Nc5 $1 20. Bxa8 Nd3+ 21. Kb1 Qxa8 22. Rd1 Qc8 (22... Nxe5
23. Nxe5 Bxe5 24. R6d5 $1 $14 (24. Rd8 $2 Qxg2)) 23. R6xd3 (23. Qd4 $2 Nxe5 $1)
23... cxd3 24. Rxd3 Qf5 $44) 17... b5 {'-/+!' ChessBase.} 18. Qh4 (18. Qxb5 Nc7
$17) 18... Nb4 19. Bxg6 {'?' ChessBase.} (19. Rd6 c4 20. Be4 (20. Bb1 Nd3+ $1
$19) 20... c3 $1 21. a3 $8 c2 22. axb4 cxd1=Q+ 23. Kxd1 Rb8 $17) 19... fxg6 (
19... hxg6 $4 20. Ng5 Re8 21. Rd7 $18) 20. Rd7 Qe8 {'!' ChessBase.} 21. Re7 (
21. a3 Nc6 22. e6 $5 Rxf3 $1 23. Rxg7+ (23. gxf3 Qxe6 24. Qe4 Qf6 $19) 23...
Kxg7 24. Rd7+ Qxd7 25. exd7 Rf6 $19) 21... Bh6+ {'!' ChessBase.} (21... g5 $6
22. Qxg5 Qg6 23. Qxg6 hxg6 $17) 22. Kb1 Rd8 {'!' ChessBase.} (22... g5 $4 23.
Rxe8 gxh4 24. Rxa8 Rxa8 25. a3 $1 Nc6 26. Rd6 $16) 23. Rd6 (23. Re1 g5 $1 $19)
23... Qc6 {'!' ChessBase.} 24. a3 (24. Qxh6 Qe4+ $19) 24... Rxd6 25. exd6 Qxd6
26. axb4 cxb4 27. Qe4 b3 28. Nd4 (28. Qe6+ Qxe6 29. Rxe6 Rc8 30. Re1 Rc2 $19)
28... Rf4 29. Qa8+ Bf8 $19 0-1

[Event "New York op"]
[Site "New York"]
[Date "1989.??.??"]
[Round "8"]
[White "Donaldson Akhmilovskaya, Elena"]
[Black "Burger, Karl"]
[Result "1-0"]
[WhiteElo "2430"]
[BlackElo "2315"]
[Annotator "ChessBase"]
[PlyCount "39"]
[EventDate "1989.03.??"]
[EventType "swiss"]
[EventRounds "9"]
[EventCountry "USA"]
[SourceTitle "CBM 012"]
[Source "ChessBase"]
[SourceDate "1989.10.01"]
[SourceVersion "1"]
[SourceVersionDate "1989.10.01"]
[SourceQuality "1"]

1. d4 Nf6 2. c4 g6 3. Nc3 d5 4. Nf3 Bg7 5. Qb3 dxc4 6. Qxc4 O-O 7. e4 Na6 8. e5
$5 Nd7 9. e6 fxe6 $6 (9... Nb6 $5 10. exf7+ Kh8 11. Qb3 c5 $1 $17 {Wood-Prins/
Beverwijk/1948/}) 10. h4 $5 Nb6 11. Qb3 c5 12. h5 cxd4 13. hxg6 $5 Rxf3 $2 {
>= 13...cxd4!?; Ftacnik} 14. gxf3 dxc3 15. Rxh7 Qd5 16. Bh6 Bxh6 17. Qxc3 Bd2+
18. Qxd2 Qxd2+ 19. Kxd2 Nd5 20. Bd3 1-0

[Event "Vrnjacka Banja"]
[Site "Vrnjacka Banja"]
[Date "1989.??.??"]
[Round "?"]
[White "Legky, Nikolay A"]
[Black "Stohl, Igor"]
[Result "1/2-1/2"]
[WhiteElo "2420"]
[BlackElo "2455"]
[Annotator "ChessBase"]
[PlyCount "56"]
[EventDate "1989.04.??"]
[EventType "tourn"]
[EventRounds "15"]
[EventCountry "YUG"]
[EventCategory "7"]
[SourceTitle "CBM 013"]
[Source "ChessBase"]
[SourceDate "1989.12.01"]
[SourceVersion "1"]
[SourceVersionDate "1989.12.01"]
[SourceQuality "1"]

1. d4 Nf6 2. Nf3 g6 3. c4 Bg7 4. Nc3 d5 5. Qb3 dxc4 6. Qxc4 O-O 7. e4 Na6 8.
Qb3 c5 9. d5 e6 10. Bxa6 bxa6 11. O-O exd5 (11... Qb6 12. Bf4 exd5 13. exd5 Bf5
14. Rfd1 c4 $1 15. Qxc4 Qxb2 16. Be5 Ng4 $1 17. Bd4 Nxf2 (17... Rac8 18. Qe2 $1
) 18. Bxf2 Rfc8 19. Qxa6 Qxc3 $15 {Flear,G-Ristic,N/Dortmund-B/1989/1/2-1/2/
1989/ -> CBM 13}) 12. exd5 Bf5 {12...Qb6; 12...Re8} 13. Bf4 $1 (13. Rd1 Rb8 14.
Qc4 Qb6) (13. Qc4 Qb6 14. Bf4 Qb4) 13... Bd3 $5 14. Rfd1 c4 $5 15. Qb7 Qc8 (
15... Qb6 16. Qxb6 axb6 17. Ne5 Bc2 18. Rd2 Nh5 19. Rxc2 Nxf4 20. Nd7 Rfd8 21.
Nxb6 Rab8 22. Nxc4 $14) (15... Nh5 $5 16. Be5 f6 17. Bc7 $5 (17. Bd4 Rb8 18.
Qxa6 Rxb2 19. Qxa7 Nf4 $44)) 16. Qxc8 Raxc8 17. Ne5 Nh5 $1 $10 18. Nxd3 cxd3
19. Bg5 Bxc3 20. bxc3 Rxc3 21. Be7 $6 (21. g4 $1 Ng7 22. Bf6 $36) 21... Rb8 22.
d6 Rb7 23. Kf1 f5 24. Rab1 Rxb1 25. Rxb1 Kf7 26. Ke1 Nf6 27. Bxf6 Kxf6 28. Kd2
Rc2+ {Lubomir Ftacnik} 1/2-1/2

[Event "Dortmund-B"]
[Site "Dortmund"]
[Date "1989.??.??"]
[Round "?"]
[White "Flear, Glenn C"]
[Black "Ristic, Nenad"]
[Result "1/2-1/2"]
[WhiteElo "2500"]
[BlackElo "2465"]
[Annotator "ChessBase"]
[PlyCount "206"]
[EventDate "1989.03.??"]
[EventType "tourn"]
[EventRounds "11"]
[EventCountry "GER"]
[EventCategory "8"]
[SourceTitle "CBM 013"]
[Source "ChessBase"]
[SourceDate "1989.12.01"]
[SourceVersion "1"]
[SourceVersionDate "1989.12.01"]
[SourceQuality "1"]

1. d4 Nf6 2. c4 g6 3. Nc3 d5 4. Nf3 Bg7 5. Qb3 dxc4 6. Qxc4 O-O 7. e4 Na6 8.
Qb3 c5 9. d5 e6 10. Bxa6 bxa6 11. O-O Qb6 12. Bf4 exd5 13. exd5 Bf5 14. Rfd1 c4
$1 15. Qxc4 Qxb2 16. Be5 Ng4 $1 17. Bd4 $1 Nxf2 (17... Rac8 18. Qe2 $1 $10) 18.
Bxf2 Rfc8 19. Qxa6 Qxc3 20. d6 Rc6 21. Qb7 Rd8 22. Bg3 Rd7 23. Qb5 Bf6 24. Qe2
Rc5 25. Bf4 Qb2 26. Qe8+ Kg7 27. Qe3 Rc8 28. Rac1 Rcd8 29. Ne5 Rb7 30. Bh6+ Kg8
31. Nc6 Ra8 32. Ne7+ Kh8 33. Nxf5 gxf5 34. d7 Rg8 35. g3 Qb6 36. Qxb6 axb6 37.
Rc6 Bd8 38. Rcd6 Rg6 39. Re1 Rxh6 40. Rxh6 Rxd7 41. Rc6 Kg7 42. Re2 Be7 43. Kg2
Bc5 44. h4 h5 45. a4 Ra7 46. Re5 f4 47. gxf4 Rxa4 48. Rg5+ Kf8 49. Rf5 Ra2+ 50.
Kf3 Ra3+ 51. Ke4 Re3+ 52. Kd5 Rd3+ 53. Kc4 Rd7 54. Kb5 Be7 55. Rxh5 Rd4 56. Rc4
Rxc4 57. Kxc4 Kg7 58. Rb5 Bxh4 59. Rxb6 Bg3 60. f5 Be5 61. Kd5 Ba1 62. Rc6 Bb2
63. Ke4 Ba1 64. Kf4 Bd4 65. Rc4 Bb2 66. Rc2 Ba1 67. Ke4 Kf6 68. Rc6+ Kg5 69.
Rc1 Bb2 70. Rc2 Ba1 71. Rg2+ Kf6 72. Ra2 Bc3 73. Kf4 Be5+ 74. Kg4 Bc3 75. Rc2
Bd4 76. Rc4 Be3 77. Rc3 Bd2 78. Rc6+ Ke5 79. Rc2 Bb4 80. Rc7 Kf6 81. Rc6+ Ke5
82. Rb6 Bd2 83. Rb2 Bc1 84. Rc2 Ba3 85. Rc7 Kf6 86. Rc6+ Ke5 87. Kg5 Bb4 88. f6
Bd2+ 89. Kh5 Kf5 90. Rc2 Be3 91. Rc3 Bd2 92. Rf3+ Ke6 93. Rf2 Bc1 94. Rf1 Bd2
95. Rf3 Bc1 96. Rf2 Ke5 97. Kg4 Bh6 98. Rf5+ Ke6 99. Rf1 Ke5 100. Rh1 Bd2 101.
Rh2 Bc1 102. Rc2 Bh6 103. Rf2 Bc1 1/2-1/2

[Event "Dubai op 15th"]
[Site "Dubai"]
[Date "2013.04.13"]
[Round "6"]
[White "Volkov, Sergey"]
[Black "Edouard, Romain"]
[Result "1-0"]
[WhiteElo "2593"]
[BlackElo "2670"]
[Annotator "Edouard,R"]
[PlyCount "63"]
[EventDate "2013.04.07"]
[EventType "swiss"]
[EventRounds "9"]
[EventCountry "UAE"]
[SourceTitle "CBM 154"]
[Source "ChessBase"]
[SourceDate "2013.05.15"]
[SourceVersion "1"]
[SourceVersionDate "2013.05.15"]
[SourceQuality "1"]
[WhiteClock "0:32:13"]
[BlackClock "0:10:50"]

1. d4 Nf6 2. c4 g6 3. Nc3 d5 4. Nf3 Bg7 5. Qb3 dxc4 6. Qxc4 O-O 7. e4 Be6 $5 {
Quite a recent move.} 8. d5 (8. Qb5 Bd7 9. Qc5 b6 10. Qg5 c5 11. dxc5 Bc6 12.
Qh4 bxc5 13. Be2 e6 14. Bg5 h6 $1 15. Bxh6 Nxe4 {0-1 (50) Morozevich,A (2770)
-Giri,A (2696)/SUI 2012 (50)}) (8. Qd3 c5 9. d5 Bc8 10. Be3 b6 11. h3 e6 12.
dxe6 Bxe6 13. Qxd8 Rxd8 14. Ng5 Nc6 {0-1 (50) Jakovenko,D (2722)-Svidler,P 
(2749)/Moscow RUS 2012 (50)}) 8... Bc8 9. Be2 e6 $5 $146 (9... c6 10. O-O cxd5
11. exd5 $14 {was the old theory.}) 10. Bg5 $5 (10. O-O exd5 11. exd5 c6 12.
dxc6 Nxc6 13. Rd1 Qa5 {is OK for Black.}) (10. dxe6 Bxe6 $132) 10... exd5 11.
Nxd5 c6 12. Nxf6+ Bxf6 13. h4 Nd7 ({I considered} 13... Bg4 {but then noticed
that after} 14. e5 (14. Rd1 $5) 14... Bxf3 15. Bxf6 Qa5+ 16. b4 Bxe2 {White has
} 17. Qf4 $1 $18) 14. O-O-O Qe7 (14... Qb6 $5 {should be alright for Black:}
15. Bxf6 (15. Rd2 Qa5 $132) 15... Nxf6 16. Ng5 h6 $5 (16... Qxf2 17. Kb1 $44)
17. Rd6 Qxf2 18. Rf1 Qe3+ 19. Kb1 b5 $5 $13 (19... Nd5 $5)) 15. Kb1 Re8 $6 {
Just trying to make the position sharper without a reason.} (15... Ne5 16. Nxe5
(16. Qc1 Ng4 17. Qf4 h6 $11) 16... Qxe5 17. Bxf6 Qxf6 18. h5 $5 (18. Qd4 Qxd4
19. Rxd4 Be6 $11) 18... Be6 19. Qc5 $1 {and White seems to have some slight
pressure.}) 16. Bd3 Ne5 (16... h5 $5) 17. Nxe5 Qxe5 18. Qc1 $1 {The only move
to keep up the pressure.} h5 $4 {I suggest that just for this special move
ChessBase creates a new annotation, with five question marks. Immediatly after
playing it I noticed that it was losing at once.} (18... Be6 19. f4 Bxg5 20.
hxg5 Qa5 21. a3 (21. b3 Bg4 $132) 21... Bg4 {was alright for Black.}) 19. f4
Qe7 (19... Bxg5 20. hxg5 Qa5 21. f5 $18) 20. f5 $1 $18 {Now I cannot move any
of my pieces anymore. Crazy how fast things can go wrong! And then people
claim chess is too calm to be a sport :-) Anyway, the next 12 moves or the
game were desperation!} Bd7 21. g4 hxg4 22. Bxf6 (22. fxg6 fxg6 23. Rdf1 Bxg5
24. hxg5 Qe5 25. Rh6 $18) 22... Qxf6 23. Qh6 Qg7 24. Qf4 Qf6 (24... Kh7 25. Bc2
$18) 25. Qxg4 (25. Bc2 Rad8 26. Rd6 Qe5 27. Qd2 $18) 25... Kf8 26. Bc2 (26. h5
$18) 26... Rad8 27. h5 gxh5 (27... gxf5 28. exf5 $18) 28. Rxh5 Re5 29. Qf4 (29.
Rd6 $5 Qxd6 30. Qg5 $18) 29... Rb5 30. e5 $1 Rxe5 (30... Qxe5 31. Qxe5 Rxe5 32.
Rh8+ Ke7 33. f6+ $18) 31. Rh6 Bxf5 32. Rxd8+ 1-0

[Event "Tata Steel-A 81st"]
[Site "Wijk aan Zee"]
[Date "2019.01.14"]
[Round "3"]
[White "Giri, Anish"]
[Black "Mamedyarov, Shakhriyar"]
[Result "1/2-1/2"]
[WhiteElo "2783"]
[BlackElo "2817"]
[Annotator "Fernandez,D"]
[PlyCount "62"]
[EventDate "2019.01.12"]
[EventType "tourn"]
[EventRounds "13"]
[EventCountry "NED"]
[EventCategory "21"]
[SourceTitle "CBM 188"]
[Source "ChessBase"]
[SourceDate "2018.12.21"]
[SourceVersion "1"]
[SourceVersionDate "2018.12.21"]
[SourceQuality "1"]

1. d4 Nf6 2. c4 g6 3. Nc3 d5 4. Nf3 Bg7 5. Qb3 dxc4 6. Qxc4 O-O 7. e4 {Here
various moves exist, of which the main one is ...a6.} (7. Bf4 {is an attempt
to get the same thing without the option of Black playing ...a6 and ...b5-
however, there are similar pawn-sacrifice options that work out well.} Be6 {
This equalises, but can be uninspiring.} (7... c6 8. e4 b5 9. Qb3 {is more
ambitious}) 8. Qxc7 (8. Qd3 c5) 8... Nc6 9. e3 {Now Black needs to be precise.}
Nb4 $1 (9... Rc8 10. Qxd8 Rfxd8 11. Bg3 $14 {seems to give something}) (9...
Qxc7 10. Bxc7 Nb4 11. Kd2 Nbd5 12. Nxd5 Ne4+ 13. Ke1 Bxd5 14. Bd3 Rac8 {
is met by the slightly artificial} 15. Rc1 $1 $14) 10. Qxd8 Rfxd8 11. Kd2 Nbd5
12. Nxd5 Ne4+ 13. Ke1 Bxd5 14. Bd3 $1 {The only move which doesn't instantly
give Black equality.} (14. Be2 Rac8 $15) 14... Nc5 $1 15. dxc5 (15. Be2 Na4 $11
) 15... Bxf3 16. gxf3 Rxd3 17. Ke2 Rd5 18. Rac1 Bxb2 19. Rhd1 Bxc1 $1 (19...
Rad8 20. Rxd5 Rxd5 21. Rb1 Ba3 22. Rxb7 Bxc5 23. e4 $1 Rh5 24. Rb5 $14 {
gives White something in the bishop ending.}) (19... Rh5 20. Rb1 Ba3 21. Rxb7
Bxc5 {could just be nothing, but White looks more active.}) 20. Rxd5 Ba3 21.
Rd7 Bxc5 22. Rxb7 $11) 7... Nc6 8. Be2 e5 $5 {Not the main move (those are ...
Bg4 and ...Nd7) so one can assume this was home preparation for a while. Also,
the huge wealth of high-level practice implies the position was well known in
the cloistered elite world, even if Mamedyarov himself hadn't played it.} 9. d5
Nd4 $5 (9... Ne7 10. Be3 c6 11. dxc6 Nxc6 {This kind of thing can arise from
the Pirc as well and tends to be just a little bit unpleasant for Black to
play.}) 10. Nxd4 exd4 11. Qxd4 c6 12. Qc4 (12. d6 Re8 13. Qd3 b5 14. f3 Re6 15.
Be3 Rxd6 16. Qc2 Nh5 17. O-O Bd4 $11 {was comfortable for Black in Wang,
H-Vachier Lagrave,M Beijing 2014}) 12... b5 13. Qxc6 Bd7 14. Qd6 Re8 (14... Rc8
$6 15. O-O Rxc3 16. bxc3 Nxe4 {seems appetising, but the activity must be
cashed in too soon after} 17. Qa6 Nxc3 18. Bf3 $14) 15. Bg5 (15. f3 Nh5 16. Be3
(16. g3 f5 17. Bd3 a5 18. Be3 b4 19. Nd1 Nf6 20. e5 Ng4 21. fxg4 Bxe5 22. Qc5
Rc8 23. Qa7 Ra8 24. Qc5 Rc8 25. Qa7 Ra8 26. Qb7 Rb8 (26... Bd4 $5) 27. Qa6 f4
28. gxf4 Bxf4 29. O-O Bxe3+ 30. Nxe3 Rxe3 31. Bxg6 Qg5 32. Qd6 Rd8 33. Bf7+ Kg7
34. Qf4 Qxg4+ 35. Kh1 Qxf4 36. Rxf4 Re2 37. Rg1+ Kh8 38. Rg2 Re1+ 39. Rg1 Re2
40. Rg2 Re1+ 41. Rg1 {was the very messy game Meier,G-So,W Saint Louis 2012})
16... f5 17. Qa3 b4 18. Qxb4 Rb8 19. Qa3 fxe4 20. f4 Qh4+ 21. g3 Nxg3 22. Bf2
Qh3 23. Bxg3 Rec8 24. Bf1 Qg4 25. Be2 Qh3 26. Bf1 Qg4 27. Be2 {1/2-1/2 (27)
Ding,L (2766)-Wei,Y (2706) Wijk aan Zee 2016}) (15. Bd3 {has also been seen in
high-level games.} a5 16. f3 b4 17. Ne2 Bf8 18. Qg3 Qb6 (18... Nxd5 $13) 19.
Bg5 (19. Qg5 $14) 19... Rac8 20. Qf2 Bc5 21. Qh4 Nxd5 22. Bc4 h6 $3 $19 {
Navara,D-Vachier Lagrave,M Germany 2018}) 15... Rb8 (15... b4 {was played in
the pioneer game.} 16. Qxb4 Nxd5 $1 17. Nxd5 Qxg5 18. O-O Rab8 $132 {and Black
gradually wore down his opponent in Miton,K-Vachier Lagrave,M Belfort 2012})
16. a3 a5 17. O-O b4 18. axb4 axb4 19. Nd1 {Still preparation.} (19. Bxf6 Bxf6
20. Ra7 {is a plausible try for a White advantage, even after} Bf5 $3 21. Nb5 (
21. Qxd8 Bxd8 22. Nb5 Rxe4 23. Bd3 Rf4 24. Bxf5 Rxf5 25. Rd7 Bb6 $44) 21...
Rxe4 22. Bd3 {and now a second remarkable move:} Rd4 $3 23. Qxd8+ (23. Bxf5
Rxb5 24. Qxd8+ Bxd8 $15) 23... Rxd8 24. Nxd4 Bxd4 25. Bxf5 Bxa7 26. Be4 $14 {
Black has exceptional co-ordination, but must be aware that in trying to get
the pawn back, his control might worsen.}) 19... Nxe4 20. Bxd8 Nxd6 21. Bc7 Rb7
22. Bxd6 Rxe2 23. Ra8+ Re8 24. Rxe8+ Bxe8 25. Re1 {Probably Giri had reached
this position in preparation, but at the board was unable to find ways to
continue.} Bd7 26. Re4 (26. Be5 $5 {should probably be second nature for these
players- once it becomes clear that} Bxe5 27. Rxe5 Rc7 28. Kf1 $14 {doesn't
win a piece. Untangling is, of course, another question entirely, but there is
no way for Black to make headway immediately.}) ({If nothing else, the 'pass'
move} 26. b3 {should be considered.}) 26... Ba4 27. b3 f5 28. Rxb4 Rxb4 29.
Bxb4 Bxb3 30. Nc3 Bxc3 31. Bxc3 Bxd5 1/2-1/2